The ancient history of the Egyptians, Carthaginians, Assyrians, Babylonians, Medes and Persians, Macedonians and Grecians and Macedonians
The Ancient History of the Egyptians, Carthaginians, Assyrians, Babylonians, Medes and Persians, Macedonians and Grecians (Vol. 1 of 6) is presented here in a high quality paperback edition. This popular classic work by Charles Rollin is in the English language, and may not include graphics or image...
Сохранить в:
| Главный автор: | |
|---|---|
| Формат: | |
| Язык: | Undetermined |
| Опубликовано: |
London
G. Cowie and Co.
1827
|
| Предметы: | |
| Метки: |
Добавить метку
Нет меток, Требуется 1-ая метка записи!
|
| Thư viện lưu trữ: | Trung tâm Học liệu Trường Đại học Cần Thơ |
|---|
| LEADER | 01090nam a2200205Ia 4500 | ||
|---|---|---|---|
| 001 | CTU_219172 | ||
| 008 | 210402s9999 xx 000 0 und d | ||
| 082 | |a 909 | ||
| 082 | |b R754/Vol.1 | ||
| 100 | |a Rollin, Charles | ||
| 245 | 4 | |a The ancient history of the Egyptians, Carthaginians, Assyrians, Babylonians, Medes and Persians, Macedonians and Grecians and Macedonians | |
| 245 | 0 | |c Charles Rollin | |
| 260 | |a London | ||
| 260 | |b G. Cowie and Co. | ||
| 260 | |c 1827 | ||
| 520 | |a The Ancient History of the Egyptians, Carthaginians, Assyrians, Babylonians, Medes and Persians, Macedonians and Grecians (Vol. 1 of 6) is presented here in a high quality paperback edition. This popular classic work by Charles Rollin is in the English language, and may not include graphics or images from the original edition. If you enjoy the works of Charles Rollin then we highly recommend this publication for your book collection. | ||
| 650 | |a History, Ancient,Lịch sử, Cổ đại | ||
| 904 | |i huong | ||
| 910 | |a Tuyến | ||
| 980 | |a Trung tâm Học liệu Trường Đại học Cần Thơ | ||